Tricky True or False Memory Test - Statistics

General Stats
  • This quiz has been taken 208 times
  • The average score is 13 of 20
Answer Stats
Hint Answer % Correct
1. You must click "True" or False" to answer each question. True
94%
2. But the previous statement was false!!! False
89%
3. But the previous statement was actually false this time. True
85%
1θ. Question #1 mentioned the word "click". True
76%
9. Actually, there was no question #7 True
73%
4. The last two questions both started with conjunctions. True
71%
12. There have been more "True" answers than "False" answers thus far. True
68%
13. One of the previous questions used the term "preposition". False
65%
6. Question #10 is true (you can go check and come back!). True
62%
11. "True" and "False" alternated as answers on the previous four questions. False
61%
5. There's no correct answer this question! False
60%
20. Question #1 used a period to end its statement True
58%
8. There was no question #4 False
57%
18. One of the questions from 10-19 actually had a lowercase "L" for its tens digit. True
54%
l4. There was an instance of parenthetical guidance in a previous question. True
53%
17. Question #5 was super casual and used "There's" instead of "There is". True
53%
19. Question 13 appeared before question 12. False
52%
21. There were 20 True/False statements before this. False
50%
16. Question #10 looked strange because it actually looked like this: #1Θ. False
44%
15. You have seen three exclamation points on this quiz so far False
39%
No matching quizzes found
Score Distribution
Percent of People with Each Score
Percentile by Number Answered
Your Score History
You have not taken this quiz